Biela stopa SNP [4. ročník v behu na lyžiach pod názvom "Biela stopa SNP"]

Bibliographic Details
Main Author: Šaškyová-Luptáková, V. (Author)
Format: Article
Language:Slovak
PhysicalDescription:Obr.
Subjects:

MARC

LEADER 00000nab a2200000 a 4500
001 vtls008954981
003 SK-MaSNL
005 20260303070334.0
008 051219 19770211xo d 000 0 slo
015 |a SNBRB1977 
040 |a SNKBUCL  |b slo  |c SNKBUCL  |e AACR2 
041 0 |a slo 
044 |a xo  |c SK 
080 |a 796.922  |2 2001 
100 1 |a Šaškyová-Luptáková, V.  |4 aut  |9 1033050 
245 1 0 |a Biela stopa SNP  |b [4. ročník v behu na lyžiach pod názvom "Biela stopa SNP"]  |c V. Šaškyová-Luptáková 
300 |b Obr. 
611 2 7 |a Biela stopa SNP  |n (4. :  |d 1977 :  |c Kremnica a Banská Bystrica, Slovensko)  |2 snkbucl  |9 1067648 
650 0 7 |a beh na lyžiach  |2 snkbucl  |9 3259 
773 0 |t Smer  |g 11. 2. 1977, s. 12-13 
999 |c 1754940  |d 1756870